000 00321nam a2200121Ia 4500
005 20251222144755.0
008 251222s9999||||xx |||||||||||||| ||spa||
082 _a070.4330/C78
100 _aCornejo Ramírez, Enrique
245 0 _aPeriodismo Económico en el Perú
264 _bFundación Friedrich Ebert
942 _cLIB
999 _c19516
_d19516